LEADER 01684nam 2200373 n 450 001 996392987303316 005 20200824120713.0 035 $a(CKB)1000000000681624 035 $aS123638 035 $a(EEBO)2264197515 035 $a(UnM)ocm99891679e 035 $a(UnM)99891679 035 $a(EXLCZ)991000000000681624 100 $a19911011d1549 uh 101 0 $aeng 135 $aurbn||||a|bb| 200 12$aA proclamacion, set furth by the body and state, of the K[ynges Maie]iests [sic] priuey Counsayle, concernyng the deuisers, writers, and casters abro[de, of certain] vile, slaunderous, and moste trayterous letters, billes, scrowes, and pap[ers, ten]dyng to the seducement of the kynges maiesties good & louyng subie[ctes]$b[electronic resource] 210 $a[London] $cR. Grafton Regij impressor excudebat$d[1549] 215 $a1 sheet ([1] p.) 300 $aInitial. 300 $aPublication date from text. 300 $aSteele notation: do and lor-. 300 $aImperfect: torn at right, with loss of text. 300 $aReproduction of original in the British Library. 330 $aeebo-0018 701 $aEdward$cKing of England,$f1537-1553.$01002269 801 0$bCu-RivES 801 1$bCu-RivES 801 2$bCStRLIN 801 2$bCu-RivES 906 $aBOOK 912 $a996392987303316 996 $aA proclamacion, set furth by the body and state, of the Kiests sic priuey Counsayle, concernyng the deuisers, writers, and casters abrode, of certain vile, slaunderous, and moste trayterous letters, billes, scrowes, and papers, tendyng to the seducement of the kynges maiesties good & louyng subiectes$92365386 997 $aUNISA LEADER 01859nas 2200553-a 450 001 9910340294703321 005 20241223110547.0 035 $a(CKB)954921402182 035 $a(CONSER)---90649242- 035 $a(MiFhGG)5CQS 035 $a(EXLCZ)99954921402182 100 $a19840521a19849999 --- a 101 0 $aeng 181 $ctxt$2rdacontent 182 $cc$2rdamedia 183 $acr$2rdacarrier 200 00$aReal estate finance 210 $aBoston, Mass. $cFederal Research Press$d©1984- 215 $a1 online resource 300 $aRefereed/Peer-reviewed 300 $aTitle from cover. 300 $aPublished: New York, NY : Institutional Investor, ; Aspen Publishers, <2007-> 311 08$aPrint version: Real estate finance. (DLC) 90649242 (OCoLC)10755820 0748-318X 531 $aREAL ESTATE FINANCE (ASPEN PUBLISHERS INC.) 531 0 $aReal estate finance 606 $aReal estate business$vPeriodicals 606 $aReal property$xFinance$vPeriodicals 606 $aImmobilier$vPériodiques 606 $aPropriété immobilière$xFinances$vPériodiques 606 $aReal estate business$2fast$3(OCoLC)fst01090898 606 $aReal property$xFinance$2fast$3(OCoLC)fst01091114 606 $aOnroerend-goedmarkt$2gtt 606 $aInvesteringen$2gtt 608 $aPeriodicals.$2fast 608 $aPeriodicals.$2lcgft 615 0$aReal estate business 615 0$aReal property$xFinance 615 6$aImmobilier 615 6$aPropriété immobilière$xFinances 615 7$aReal estate business. 615 7$aReal property$xFinance. 615 17$aOnroerend-goedmarkt. 615 17$aInvesteringen. 676 $a332.7/2/05 906 $aJOURNAL 912 $a9910340294703321 920 $aexl_impl conversion 996 $aReal estate finance$92413452 997 $aUNINA